Former Mongolian Empire countries - Statistics

General Stats
  • This quiz has been taken 919 times
  • The average score is 29 of 35
Answer Stats
Hint Answer % Correct
China
98%
Russia
98%
Bordered for a long time, above India NEPAL
93%
Pakistan
92%
Iran
90%
India
89%
Iraq
89%
Mongolia
89%
Turkey
89%
Ukraine
89%
North Korea
88%
South Korea
88%
Turkmenistan
88%
Above India, same religion BHUTAN
87%
Vietnam
87%
Uzbekistan
86%
Afghanistan
85%
Tajikistan
84%
Armenia
83%
Georgia
83%
Was subject to many Mongol attacks JAPAN
83%
Kazakhstan
82%
Laos
82%
Azerbaijan
81%
Belarus
80%
Thailand
79%
Poland
78%
Romania
77%
Syria
77%
Kyrgyzstan
74%
Same as above, also somewhat genetically related FINLAND
69%
Moldova
69%
Speaks a distantly-related language ESTONIA
68%
Was formed by Mongolian decendants HUNGARY
64%
Myanmar
62%
No matching quizzes found
Score Distribution
Percent of People with Each Score
Percentile by Number Answered
Your Score History
You have not taken this quiz